Loading...
| Literature - World Literature | 5 | 3 | 0 | 1 | 105 | 41 | 72.75 | 6 | 8 |
| Literature - European Literature | 4 | 5 | 1 | 0 | 105 | 28 | 71.11 | 6 | 9 |
| Literature - British Literature | 3 | 5 | 0 | 0 | 95 | 32 | 78.38 | 5 | 8 |
| History - European History | 5 | 2 | 1 | 0 | 90 | 29 | 57.29 | 6 | 7 |
| History - World History | 1 | 5 | 2 | 1 | 55 | 54 | 86.50 | 3 | 6 |
| Beliefs | 0 | 6 | 1 | 1 | 55 | 85 | 108.67 | 4 | 6 |
| Science - Physics | 0 | 5 | 0 | 1 | 50 | 99 | 117.20 | 1 | 5 |
| Auditory Arts | 0 | 5 | 1 | 0 | 45 | 98 | 108.80 | 2 | 5 |
| Science - Other Science | 1 | 3 | 0 | 0 | 45 | 37 | 87.75 | 2 | 4 |
| Social Science | 0 | 5 | 1 | 0 | 45 | 79 | 93.80 | 3 | 5 |
| Literature - American Literature | 0 | 5 | 2 | 0 | 40 | 77 | 100.60 | 4 | 5 |
| Geography | 1 | 2 | 0 | 0 | 35 | 64 | 78.00 | 1 | 3 |
| Science - Chemistry | 0 | 4 | 1 | 0 | 35 | 111 | 123.00 | 0 | 4 |
| Fine Arts - Other Arts | 0 | 4 | 1 | 0 | 35 | 85 | 112.00 | 1 | 4 |
| Philosophy | 0 | 4 | 1 | 3 | 35 | 116 | 123.25 | 0 | 4 |
| History - Other History | 1 | 2 | 1 | 0 | 30 | 61 | 90.33 | 3 | 3 |
| History - American History | 1 | 2 | 1 | 0 | 30 | 23 | 68.67 | 2 | 3 |
| History - Ancient History | 0 | 3 | 1 | 0 | 25 | 70 | 87.33 | 3 | 3 |
| Visual Arts | 0 | 4 | 3 | 0 | 25 | 85 | 109.00 | 1 | 4 |
| Other Academic | 0 | 1 | 0 | 0 | 10 | 65 | 65.00 | 1 | 1 |
| Science - Biology | 0 | 1 | 1 | 0 | 5 | 117 | 117.00 | 0 | 1 |
| Current Events | 0 | 0 | 1 | 0 | -5 | 0.00 | 0 | 0 |